Every Class 1 Connecticut Senator - Statistics

General Stats
  • This quiz has been taken 25 times
  • The average score is 11 of 28
Answer Stats
Picture Hint Answer % Correct
ID(1989-2013) Joe Lieberman
100%
D(2013-) Chris Murphy
88%
R(1971-1979) Lowell Weicker
88%
D(1959-1971) Thomas J. Dodd
88%
AJ(1833-1835) Nathan Smith
63%
R(1905-1911) Morgan G. Bulkeley
38%
F(1789-1796) Oliver Ellsworth
38%
R(1946-1949) Raymond E. Baldwin
38%
W(1847-1852) Roger S. Baldwin
38%
R(1821-1823) Elijah Boardman
25%
D(1935-1945) Francis T. Maloney
25%
R(1929-1935) Frederic C. Walcott
25%
R(1911-1929) George P. McLean
25%
JR(1823-1827) Henry W. Edwards
25%
D(1852-1857) Isaac Toucey
25%
W(1840-1847) Jabez W. Huntington
25%
R(1857-1869) James Dixon
25%
F(1776-1810) James Hillhouse
25%
J(1835-1839) John M. Niles
25%
R(1881-1905) Joseph R. Hawley
25%
AJ(1827-1833) Samuel A. Foot
25%
F(1810-1821) Samuel W. Dana
25%
W(1839-1840) Thaddeus Betts
25%
R(1945-1946) Thomas C. Hart
25%
R(1869-1875) William A. Buckingham
25%
R(1953-1959) William A. Purtell
25%
D(1949-1953) William Benton
25%
D(1875-1881) William W. Eaton
25%
No matching quizzes found
Score Distribution
Percent of People with Each Score
Percentile by Number Answered
Your Score History
You have not taken this quiz